1955 1992 1307 1739 1543 1870 1429 1212 1002 1545 1857 1885 1096 1107 1074 1857 1052 1127 1782 1732 1584 1244 1357 1816 1569 1112 1496 1425 1222 1126 1095 1326 1831 1509 1320 1937 1842 1918 1638 1559 1093 1633 1669 1181 1590 1188 1290 1835 1969 1733 1584 1193 1850 1624 1843 1696 1855 1526 1386 1414 1016 1663 1117 1427 1841 1374 1829 1850 1677 1166 1656 1457 1190 1033 1691 1553 1049 1013 1712 1252 1600 1977 1193 1107 1299 1390 1135 1465 1830 1902 1946 1228 1670 1162 1682 1934 1040 1712 1736 BCNSPRNW ULIB Ver.6.0+V

เปลี่ยนเป็นภาษาไทย

Change to English
 แสดงรายละเอียดบรรณานุกรม
  กลับหน้าหลัก

Brief Record : Get Marc (ISO 2709) : E-mail record : QR code < ปิดหน้าต่าง
LEADER : 00000nam 2200000uu 4500
001    13399114059
003     ULIB
008    110824s||||||||th 000 0 tha d
020    9786117097010
090    นว.^bพ969ล 2552
100 0  ไพฑูร
245 00 ลิขิตรัก...ข้ามภพ/^cไพฑูร
250    พิมพ์ครั้งที่ 1
260    กรุงเทพฯ :^bSimpy Book,^c2552
300    219 หน้า
710 1  Simpy Book
945    ^p175^l0^i026484
995    ทศพร
999     ^aใช้งานได้ทุกระบบ
รายการนี้ยังไม่มีแท็ก
คุณยังไม่ได้ล็อกอิน คุณสามารถมีกิจกรรมร่วมกับเว็บไซต์ได้ แต่ต้องล็อกอินก่อน ::
  ล็อกอิน

รายการสื่อสารสนเทศ

ลำดับที่ ประเภท เลขเรียก/บาร์โค้ด สถานที่ สถานะ
1. นวนิยาย
นวนิยาย
นว. พ969ล 2552 ฉ.1 
  Barcode: 026484
ห้องสมุดวิทยาเขตสวรรค์ประชารักษ์
►นวนิยาย
บนชั้น
  ขอยืม

รายการใกล้เคียง
    ผู้แต่ง [ไพฑูร]

BibComment


ยังไม่เคยถูกคอมเมนท์

คอมเมนท์ทรัพยากรรายการนี้
  คอมเมนท์: ลิขิตรักข้ามภพ ไพ..


 Copyright 2026. Bcnsprnw @Library